000 01196cam a2200241 4500
001 ABS68333
008 041028n2004 000 0 eng u
035 _a(Sirsi) u127858
100 _aBingham, T.
245 _aRed alert
260 _c2004
490 _aBuilding
_v269(8353) 15 October 2004, 56-57(2)
520 _aDiscusses the review of the Housing, Grants, Construction and Regeneration Act 1996. Concentrates on the adjudication element and the possibility of tidying up parts such as the section on PFI contracts. Mentions the Tolent Clause which shows that inequality of bargaining power is often occurring. There are some suggestions for solving this such as having one set of procedural rules for adjudication or widening the jurisdiction or type of dispute that can come to adjudication. Notes that the review didn't cover the issue of the training of adjudicators.
590 _aABS
590 _aABS
650 _aHOUSING GRANTS CONSTRUCTION AND REGENERATION ACT 1996
650 _aCONSTRUCTION ACT REVIEW
650 _aPAYMENT RISKS
650 _aSCHEME FOR CONSTRUCTION CONTRACTS
650 _aLATHAM REFORMS
690 _aDISPUTE RESOLUTION
_96236
942 _n0
999 _c118246
_d118246